Tennis - Le top 20 du classement ATP au 1er janvier 2021 - Statistiques

Statistiques générales
  • Ce quiz a été pris 38 fois
  • Le résultat moyen est 16 sur 20
Statistiques - réponses
Rang Joueur Pays Âge Points % Correct
7 Alexander Zverev Allemagne 23 5 525
100%
6 Stefanos Tsitsipas Grèce 22 5 925
100%
1 Novak Djokovic Serbie 33 12 030
100%
2 Rafael Nadal Espagne 34 9 850
100%
4 Daniil Medvedev Russie 24 8 470
97%
3 Dominic Thiem Autriche 27 9 125
97%
5 Roger Federer Suisse 39 6 630
94%
11 Gael Monfils France 34 2 860
91%
8 Andrey Rublev Russie 23 4 119
88%
19 Grigor Dimitrov Bulgarie 29 2 260
88%
18 Stan Wawrinka Suisse 35 2 320
88%
12 Denis Shapovalov Canada 21 2 830
72%
10 Matteo Berrettini Italie 24 3 075
72%
15 David Goffin Belgique 30 2 555
69%
20 Karen Khachanov Russie 24 2 245
69%
17 Fabio Fognini Italie 33 2 400
66%
13 Roberto Bautista Agut Espagne 32 2 710
66%
14 Milos Raonic Canada 30 2 580
63%
9 Diego Schwartzman Argentine 28 3 455
56%
16 Pablo Carreno Busta Espagne 29 2 535
44%
Aucun quiz correspondant
Distribution des résultats
% des personnes avec chaque résultat
Percentile par nombre de réponses
Votre historique - résultats
Vous n’avez pas pris ce quiz